| 000 | 00000nam 2200000zi 4500 |
| 001 | 9.931349 |
| 003 | CaOODSP |
| 005 | 20240125155847 |
| 006 | m o d f |
| 007 | cr |n||||||||| |
| 008 | 231211s2018 onc ob f000 0 fre d |
| 040 | |aCaOODSP|bfre|erda|cCaOODSP |
| 043 | |an-cn--- |
| 086 | 1 |aNG21-16/2018F-PDF |
| 245 | 03|aLa politique de Bibliothèque et Archives. |
| 246 | 37|aLa politique de Bibliothèque et Archives du MBAC |
| 264 | 1|a[Ottawa] : |bMuseĢe des beaux-arts du Canada = National Gallery of Canada, |c[2018] |
| 300 | |a1 ressource en ligne (9 pages) |
| 336 | |atexte|btxt|2rdacontent/fre |
| 337 | |ainformatique|bc|2rdamedia/fre |
| 338 | |aressource en ligne|bcr|2rdacarrier/fre |
| 500 | |aTitre de la couverture. |
| 500 | |a« Le conseil d’administration a approuvé cette politique le 4 décembre 2018. »--page couverture. |
| 500 | |aPublié aussi en anglais sous le titre : Library and Archives policy. |
| 504 | |aComprend des références bibliographiques (page 9). |
| 610 | 20|aMusée des beaux-arts du Canada. |bBibliothèque et archives|xGestion. |
| 710 | 2 |aMusée des beaux-arts du Canada, |eorganisme de publication. |
| 775 | 08|tLibrary and Archives policy.|w(CaOODSP)9.931348 |
| 856 | 40|qPDF|s675 Ko|uhttps://publications.gc.ca/collections/collection_2023/mbac-ngc/NG21-16-2018-fra.pdf |